01624na a2200373 450000100060000000300080000600500170001400800410003103500100007204000250008204100080010708200280011510000520014324000360019524501030023124600480033426000220038230000410040444000740044550000560051960000930057560000780066861000880074661000580083461000560089265100430094865700470099165700300103865700320106865700420110074000480114283000230119083000370121319707MIRAKIL20181213155130.0161226b tu 000 0  a19707 aMilasbturcTR-AnCHP atur aCHP 324.2372bK44y 2015 aKılıçdaroğlu, KemalcCHP Genel Başkanı aYaşanacak bir Türkiyef2015 aYaşanacak bir TürkiyebÇocukların sorunlarını sıfırlıyoruzc[Kemal Kılıçdaroğlu] aÇocukların sorunlarını sıfırlıyoruz aAnkarabCHPc2015 aktl. broşürbrnkl. fotg.c20 sm. aCumhuriyet Halk Partisi yayınlarıpYaşanacak bir Türkiye dizisi aBaşka yapıt adı: Gelin oy verin sıfırlayalım aKılıçdaroğlu, KemalcCHP Genel BaşkanıxSeçim kampanyaları, 2015yÇocuklar aKılıçdaroğlu, KemalxPropaganda ve ideolojileryÇocuk politikası aCHPxPropaganda ve ideolojileryKılıçdaroğlu dönemiyGenel seçimler, 2015 aCHPxSeçim kampanyaları, 2015yÇocuk politikası aCHPxÇocuk ve sorunlarıyÇözüm önerileri aTürkiyexSiyaset ve yönetimy2015- aGelin oy verin sıfırlayalım kampanyası aCHP seçim kampanyaları aCHP seçim propagandaları aYaşanacak bir Türkiye kampanyası aÇocukların sorunlarını sıfırlıyoruz aCHP broşürleri aYaşanacak bir Türkiye dizisi